000 01235 a2200229 4500
003 Nust
005 20220720112132.0
010 _a 2003046280
020 _a0849312418 (alk. paper)
040 _cNust
082 0 0 _a003.3,CHU
100 1 _aChung, Christopher A.
_968564
245 1 0 _aSimulation modeling handbook :
_ba practical approach /
_cChristopher A. Chung.
260 _aBoca Raton :
_bCRC Press,
_cc2004.
300 _a1 v. (various pagings) :
_bill. ;
_c26 cm.
440 0 _aIndustrial and manufacturing engineering series
_994020
505 _aIntroduction (Page 1-1), Problem Formulation (Page 2-1), Project Planning (Page 3-1), System Definition Page (4-1), Input Data Collection and Analysis (Page 5-1), Model Translation (Page 6-1), Verification (Page 7-1), Validation (Page 8-1), Experimental Design (Page 9-1), Analysis (Page 10-1), Project Reports and Presentations (Page-11-1), Training Simulators (Page 12-1), Simpak User’s Manual (Page 13-1),
650 0 _aDigital computer simulation.
_962078
856 4 2 _3Book review (E-STREAMS)
_uhttp://www.e-streams.com/es0710/es0710_3601.html
856 4 2 _3Publisher description
_uhttp://www.loc.gov/catdir/enhancements/fy0646/2003046280-d.html
942 _cREF
_2ddc
999 _c174715
_d174715